000 00444nam a2200157 i 4500
001 bg
100 1 _aSKŁADZEŃ, Jan
245 0 _aTermokinetyka dla elektryków /
_cJan Składzeń.
250 _aWyd.2.
260 _aGliwice,
_c1977.
040 _cBPK
041 _apol
942 _cKS
008 s pl f |000 0 pol
856 _uhttp://koha.tu.koszalin.pl/cgi-bin/koha/opac-detail.pl?biblionumber=17675
_yKatalog online BPK
999 _c17675
_d17675